|
|
|
|
| LEADER |
00825nam a2200265 4500 |
| 001 |
DLU140159090 |
| 005 |
##20140122 |
| 040 |
# |
# |
|a DLU
|b vie
|
| 041 |
# |
# |
|a vie
|
| 044 |
# |
# |
|a vn
|
| 100 |
# |
# |
|a Mạch Quang Thắng,
|c GS.TS.
|
| 245 |
# |
# |
|a 80 mùa xuân Đảng của lương tâm, trí tuệ, danh dự của dân tộc Việt Nam /
|c Mạch Quang Thắng.
|
| 653 |
# |
# |
|a Bảo vệ tổ quốc
|
| 653 |
# |
# |
|a Giải phóng dân tộc
|
| 653 |
# |
# |
|a Phát triển kinh tế
|
| 773 |
# |
# |
|t Giáo dục lý luận
|g Số 1-2, 2010, tr. 28-31
|
| 920 |
# |
# |
|a Phòng Tạp chí -- Trung tâm Thông tin - Thư viện Trường Đại học Đà Lạt
|
| 994 |
# |
# |
|a DLU
|
| 900 |
# |
# |
|a True
|
| 911 |
# |
# |
|a Nguyễn Thị Linh Chi
|
| 925 |
# |
# |
|a G
|
| 926 |
# |
# |
|a A
|
| 927 |
# |
# |
|a BB
|
| 980 |
# |
# |
|a Thư viện Trường Đại học Đà Lạt
|